000 00475 a2200193 4500
999 _c11966
_d11966
003 OSt
005 20231116175717.0
008 231116b ||||| |||| 00| 0 eng d
020 _a9781847974303
040 _aBMSCA
041 _aeng
082 _a735.24
_bDAW
100 _aDawson
_d1969-
245 _aMaking Contemporary Sculpture (Price Printed)
260 _bCrowood,
_awiltshire:
300 _aXI,204p.:
_c22cm.
650 _2Contemporary Sculpture
942 _2ddc